000 00784nam a22002537a 4500
001 67457
003 UA-OsUOA
005 20250725122945.0
007 ta
008 20100223b un ||||| |||| 00| 0 ukr d
040 _aUA-OsUOA
_bukr
_cUA-OsUOA
_dUA-OsUOA
041 _aukr
080 _a821.161.2
090 _a821.161.2
_bК55
100 _aКобилянська О. Ю.
_921150
245 _aТвори в двох томах
_cОльга Кобилянська
260 _aК.
_bДніпро
_c1983
300 _a571 с.
505 _gТ. 2
650 7 _a821 Художня література окремими мовами і мовними сім'ями
_2UDC
942 _cBK
_2udc
955 _a3
999 _c353559
_d353559